| 000 | nam a22 7a 4500 | ||
|---|---|---|---|
| 999 |
_c7188 _d7188 |
||
| 003 | OSt | ||
| 005 | 20181203104427.0 | ||
| 008 | 181130s2009 fr o|||| |||| 000 0 eng|d | ||
| 020 | _a9782915536843 | ||
| 040 |
_aES-BaCBU _bcat _cCDMR |
||
| 041 |
_afre _aeng |
||
| 245 | 0 | 0 |
_aGEO _b: 100 photographs for press freedom _c/ Reporters without Borders |
| 246 | 3 | 0 | _a100 photographs for press freedom |
| 260 |
_aParis : _bReporters sans frontières, _c2009 |
||
| 300 |
_a143 p. : _bfotos ; _c29 cm |
||
| 490 |
_aReporters without borders ; _v32 |
||
| 500 | _aRecull de reportatges fotogràfics publicts a la revista Geo | ||
| 546 | _aText en francès i anglès | ||
| 650 | 4 | _aFotografia periodística | |
| 650 | 4 |
_aLlibertat de premsa _xCasos, Estudi de |
|
| 710 | 2 | _aReporters sans frontières (Associació) | |
| 942 |
_cMON _2udc |
||